00698nam a2200241 a 4500001001300000003000900013005001700022008004100039020001000080082001300090100003200103245002200135260003700157300000900194500003500203505002000238650002300258700003200281902000800313942000700321952011300328999001500441nice12345678IN_TiNIC20260116011732.0050524s1965 newa grp 000 0 eng  ac50000a190bTEI aTeilhard De Chardin, Pierre aPhenomenon of Man aNew York bHarper and Row c1965 a320p aincludes index and biblioraphy2 aappnedix, index aPhilosophy-Western1 aTeilhard De Chardin, Pierre bSRS cBK 001040708StackRoom-aHMIbHMId2008-05-05g500.00l0o190 TEIp08471r2008-05-05v500.00w2005-05-24yBK c3598d3598